[Event "Nachod op 6th"]
[Site "Nachod"]
[Date "2000.??.??"]
[Round "4"]
[White "Dostal, Pavel"]
[Black "Pankau, Tomasz"]
[Result "1-0"]
[WhiteElo "1995"]
[BlackElo "1800"]
[PlyCount "61"]
[EventDate "2000.??.??"]
[EventType "swiss"]
[EventRounds "9"]
[EventCountry "CZE"]
[SourceTitle "EXT 2003"]
[Source "ChessBase"]
[SourceDate "2002.11.25"]
[SourceVersion "1"]
[SourceVersionDate "2002.11.25"]
[SourceQuality "1"]

1. d4 d5 2. c4 e6 3. Nc3 Nf6 4. cxd5 exd5 5. Bg5 Be7 6. Qc2 Nbd7 7. e3 0-0 8. Bd3 h6 9. h4 Nb6 10. Nf3 Ne8 11. Bf4 Bd6 12. Ne5 Bxe5 13. Bxe5 f5 14. 0-0-0 Nd6 15. f3 Ndc4 16. Bf4 Be6 17. Rdg1 h5 18. g4 hxg4 19. Bg5 Qd7 20. h5 Kf7 21. fxg4 Ke8 22. Rf1 Nd6 23. gxf5 Bxf5 24. Bxf5 Rxf5 25. Bf4 Rf7 26. h6 gxh6 27. Rxh6 Nf5 28. Rh8+ Ke7 29. Bg5+ Ke6 30. Rh6+ Nxh6 31. Qg6+ 1-0